Les scènes dans les toilettes en 20 clics - Statistiques

Statistiques générales
  • Ce quiz a été pris 82 fois
  • Le résultat moyen est 11 sur 20
Statistiques - réponses
Hint Réponse % Correct
Les Visiteurs
90%
Pulp Fiction
85%
Jurassic Park
78%
La Haine
74%
Austin Powers
71%
Dumb and dumber
65%
American Pie
63%
Breaking Bad
63%
Full Metal Jacket
57%
Demolition Man
54%
Zombie Ass: Toilet of the Dead
54%
Saw
53%
Scream
53%
Mary à tout prix
44%
Charlie's Angels : Les Anges se déchaînent
40%
Trainspotting
38%
L'Arme fatale 2
35%
Polly et moi
32%
Scary Movie 2
28%
Scream 2
15%
Aucun quiz correspondant
Distribution des résultats
% des personnes avec chaque résultat
Percentile par nombre de réponses
Votre historique - résultats
Vous n’avez pas pris ce quiz